00994nam a22001817a 450000500170000000800410001702000180005805000170007610000030009324500390009625000110013526000300014630000310017650000190020750505350022670000260076170000250078720230620155121.0230620b ||||| |||| 00| 0 eng d a9780702039942 aRD37.R34(4e)  aSurgerycAndrew T. Raftery [et al} a4th ed aLondon:bElsevier,c2011. axii, 525pages:bill;c19cm aIncludes index aContent: introduction to surgery--introduction to surgical techniques and practical procedures-- Investigative procedures--shock and trauma-- preoperative and postoperative care--infection and surgery--management of malignant disease-- head, neck and otorhinolaryngology-- Breast-- Endocrine surgery-- Abdominal wall and hernia-- Acute abdomen-- Alimentary track-- peripheral vascular disease-- urology-- orthopaedics-- neurosurgery-- plastic surgery and skin-- pasdiatric surgery-- organ and tissue transplantation-- gynaecology aDelbridge, Michael S. aWagstaff, Marcus J D